000
00345nam a2200145Ia 4500
003
OSt
005
20231218112143.0
008
170524s9999 xx 000 0 und d
020
_a
9788126100699
040
_c
IIMT UNIVERSITY
100
_a
SINGH- P P
245
0
_a
NEWS REPORTING & EDITING
260
_b
ANMOL PUB. : NEW DELHI
942
_2
ddc
_c
01
999
_c
9211
_d
9211